TXT all songs (April 2026 update) - Statistics

General Stats
  • This quiz has been taken 1,456 times
    114 since last reset
  • The average score is 54 of 106
Answer Stats
Hint Answer % Correct
The Dream Chapter: STAR Cat & Dog
90%
minisode 2: Thursday's Child Good Boy Gone Bad
90%
minisode1: BLUE HOUR Blue hour
87%
The Name Chapter: TEMPTATION Sugar rush ride
87%
minisode 3: TOMORROW Deja vu
86%
English Collabsinge (w/ Jonas Brother) Do it like that
80%
7TH YEAR: A Moment of Stillness in the Thorns Stick With You
78%
The Dream Chapter: STAR Crown
77%
The Star Chapter: TOGETHER Ghost girl
77%
The Chaos Chapter: FIGHT OR ESCAPE LO$ER=LO♡ER
77%
Pre-release(The Chapter:
FREEFALL (w/ Anita)
Back for more
75%
The Name Chapter: TEMPTATION Tinnitus
74%
The Star Chapter: TOGETHER Beautiful Strangers
72%
The Dream Chapter: MAGIC Run Away
72%
The Chaos Chapter: FREEZE Magic
72%
The Chaos Chapter: FREEZE 0X1=LOVESONG
(I Know I Love You)
71%
The Dream Chapter: ETERNITY Drama
71%
The Star Chapter: SANCTUARY Over the Moon
71%
The Star Chapter: TOGETHER Sunday Driver
71%
The Name Chapter: TEMPTATION Devil by the Window
70%
The Dream Chapter: ETERNITY Puma
70%
The Name Chapter: FREEFALL Chasing That Feeling
68%
The Dream Chapter: ETERNITY Can't You See Me?
68%
The Star Chapter: TOGETHER Bird of Night
67%
The Dream Chapter: STAR Our Summer
67%
7TH YEAR: A Moment of Stillness in the Thorns Bed of Thorns
65%
The Dream Chapter: STAR Blue Orangeade
65%
7TH YEAR: A Moment of Stillness in the Thorns Take Me to Nirvana
65%
The Star Chapter: TOGETHER Dance With You
64%
The Name Chapter: TEMPTATION Farewell, Neverland
64%
Digital Single Love Language
64%
The Dream Chapter: ETERNITY Fairy of shampoo
62%
The Star Chapter: SANCTUARY Heaven
62%
minisode 3: TOMORROW I'll see you theretomorrow
62%
7TH YEAR: A Moment of Stillness in the Thorns So What
61%
minisode1: BLUE HOUR We lost the summer
59%
The Chaos Chapter: FREEZE Ice cream
59%
minisode 2: Thursday's Child Thursday's Child Has Far To Go
59%
minisode 3: TOMORROW Miracle
58%
The Dream Chapter: STAR Nap of a star
57%
The Name Chapter: TEMPTATION Happy Fools
57%
The Star Chapter: TOGETHER Upside Down Kiss
57%
The Dream Chapter: MAGIC 20cm
55%
7TH YEAR: A Moment of Stillness in the Thorns 21st Century Romance
55%
The Star Chapter: SANCTUARY Danger
55%
The Chaos Chapter: FREEZE Frost
55%
The Dream Chapter: MAGIC New Rules
55%
Starkissed Can't Stop
54%
Other releases Can't Stop (Taehyun & Huening Kai)
54%
The Dream Chapter: ETERNITY Eternally
54%
The Name Chapter: FREEFALL Growing Pain
54%
minisode 2: Thursday's Child Lonely Boy
54%
The Chaos Chapter: FREEZE No Rules
54%
minisode 3: TOMORROW The killa (I Belong to you)
54%
7TH YEAR: A Moment of Stillness in the Thorns Dream of Mine
52%
The Star Chapter: SANCTUARY Higher than Heaven
52%
minisode 3: TOMORROW Quarter Life
52%
The Star Chapter: SANCTUARY Resist (Not Gonna Run Away)
52%
minisode1: BLUE HOUR Wishlist
52%
The Chaos Chapter: FREEZE Anti-Romantic
51%
minisode1: BLUE HOUR Ghosting
51%
minisode 2: Thursday's Child Opening Sequence
51%
The Dream Chapter: MAGIC Roller Coaster
51%
The Chaos Chapter: FIGHT OR ESCAPE MOA Diary (Dubaddu Wari Wari)
49%
The Name Chapter: FREEFALL Happily ever after
49%
The Name Chapter: FREEFALL Blue Spring
48%
The Name Chapter: FREEFALL Dreamer
48%
The Star Chapter: SANCTUARY Forty One Winks
48%
The Name Chapter: FREEFALL Skipping Stones
48%
The Star Chapter: TOGETHER Song of the Stars
48%
The Dream Chapter: MAGIC Angel Or Devil
45%
The Dream Chapter: MAGIC Poppin' Star
45%
The Dream Chapter: MAGIC Magic Island
43%
The Dream Chapter: ETERNITY Maze in the mirror
43%
Starkissed SSS (Sending Secret Signals)
43%
誓い (CHIKAI) We’ll Never Change
43%
The Dream Chapter: MAGIC Can't we just leave the monster alive
42%
The Chaos Chapter: FREEZE Dear Sputnik
41%
The Name Chapter: FREEFALL Deep Down
39%
minisode1: BLUE HOUR Way home
39%
誓い (CHIKAI) Kitto Zutto
38%
minisode 2: Thursday's Child Trust Fund Baby
38%
Starkissed Where Do You Go?
38%
The Chaos Chapter: FREEZE What if I had been that PUMA
36%
Chaotic Wonderland Ito
33%
Japanese digital single Step by Step
33%
GOOD BOY GONE BAD Ring
30%
Other releases Free Falling
30%
SWEET Hydrangea Love
29%
STILL DREAMING Force
29%
Other releases PS5
29%
DRAMA Everlasting Shine
26%
Other releases Rise
26%
minisode 3: TOMORROW (- --- -- --- .-. .-. --- .--)
Tomorrow
25%
GOOD BOY GONE BAD Hitori no Yoru
22%
Other releases Love sight
20%
Other releases Your Light
20%
Other releases Valley of Lies
19%
Other releases When the Day Comes
17%
Other releases EYES
16%
Other releases Goodbye Now
16%
Other releases Open Always Wins
16%
Other releases Love Story
14%
Christmas digital
single
Sweet dream
14%
Other releases Surfing in the Moonlight
13%
Other releases LEveL
12%
No matching quizzes found
Score Distribution
Percent of People with Each Score
Percentile by Number Answered
Your Score History
You have not taken this quiz since the last reset